01270 a2200181 45000010006000000050017000060080041000230030015000640400040000790800095001192450046002142500011002602640033002713000019003045050709003231000023010327000033010554877320260407155753.0260407a1968 arg spa dAR-UNSa-BCEJYS aAR-UNSa-BCEJYSbspacAR-UNSa-BCEJYS a330.8xHistoria de las teorías, Doctrinas, Dogmas económicos (pensamiento económico)10aEl pensamiento económico en el siglo XX a2a.ed. 1aBarcelona :bOikos-tauc1968 a183 p.c21 cm. a1. La situación a principios de siglo: la teoría del equilibrio - 2. La sistematización epistemológica de Robbins y la economía del bienestar - 3. Schumpeter y la teoría del desarrollo económico - 4. La crítica de Sraffa y las nuevas teorías del mercado - 5. Keynes - 6. Las nuevas direcciones de la política económica - 7. Las nuevas direcciones de la política económica - 7. La teoría del estancamiento económico - 8. La economía matemática y econometría - 9. La teoría de la planificación - 10. La teoría del subdesarrollo económico - 11. Los problemas actuales de la economía mundial - 12. Conclusiones sobre el estado de la investigación económica. 1 aNapoleoni, Claudio1 aPedrós Abelló, Alejandro